Statistics for Morse Code Phrases - 2

Click here to take the quiz!

General Stats

  • This quiz has been taken 43 times
  • The average score is 4 of 10

Answer Stats

PhraseAnswer in Morse Code% Correct
-.- -. --- .-- .-.. . -.. --. . / .. ... / .--. --- .-- . .-.Knowledge is power
96%
- .... . / .--. --- .-- . .-. / --- ..-. / .. -- .- --. .. -. .- - .. --- -. / -- .- -.- . ... / ..- ... / .. -. ..-. .. -. .. - .The power of imagination makes us infinite.
83%
-.- . . .--. / -.-- --- ..- .-. / ..-. .- -.-. . / - --- / - .... . / ... ..- -. ... .... .. -. . / .- -. -.. / -.-- --- ..- / -.-. .- -. / -. . ...- . .-. / ... . . / - .... . / ... .... .- -.. --- .--Keep your face to the sunshine and you can never see the shadow.
71%
- .... --- ... . / .-- .... --- / -.. .- .-. . / - --- / ..-. .- .. .-.. / -- .. ... . .-. .- -... .-.. -.-- / -.-. .- -. / .- -.-. .... .. . ...- . / --. .-. . .- - .-.. -.--Those who dare to fail miserably can achieve greatly.
58%
.- / .--- --- ..- .-. -. . -.-- / --- ..-. / .- / - .... --- ..- ... .- -. -.. / -- .. .-.. . ... / -... . --. .. -. ... / .-- .. - .... / .- / ... .. -. --. .-.. . / ... - . .--.A journey of a thousand miles begins with a single step.
33%
.--. .-. .- -.-. - .. -.-. . / -- .- -.- . ... / .--. . .-. ..-. . -.-. -Practice makes perfect
13%
.-.. .. ..-. . / .. ... / .-.. .. -.- . / .- / -... --- -..- / --- ..-. / -.-. .... --- -.-. --- .-.. .- - . ... / -.-- --- ..- / -. . ...- . .-. / -.- -. --- .-- / .-- .... .- - / -.-- --- ..- .-. . / --. --- .. -. --. / - --- / --. . -Life is like a box of chocolates. You never know what you’re going to get.
8%
... -- .- .-.. .-.. / -- .. -. -.. ... / -.. .. ... -.-. ..- ... ... / .--. . --- .--. .-.. . / .- ...- . .-. .- --. . / -- .. -. -.. ... / -.. .. ... -.-. ..- ... ... / . ...- . -. - ... / --. .-. . .- - / -- .. -. -.. ... / -.. .. ... -.-. ..- ... ... / .. -.. . .- ...Small minds discuss people; average minds discuss events; great minds discuss ideas.
8%
- .... . / --- .--. .--. --- ... .. - . / --- ..-. / .-.. --- ...- . / .. ... / -. --- - / .... .- - . / .. - ... / .. -. -.. .. ..-. ..-. . .-. . -. -.-. .The opposite of love is not hate; it’s indifference.
8%
-- .- -. -.-- / --- ..-. / .-.. .. ..-. . ... / ..-. .- .. .-.. ..- .-. . ... / .- .-. . / .--. . --- .--. .-.. . / .-- .... --- / -.. .. -.. / -. --- - / .-. . .- .-.. .. --.. . / .... --- .-- / -.-. .-.. --- ... . / - .... . -.-- / .-- . .-. . / - --- / ... ..- -.-. -.-. . ... ... / .-- .... . -. / - .... . -.-- / --. .- ...- . / ..- .--.Many of life's failures are people who did not realize how close they were to success when they gave up
4%

Score Distribution

Percentile by Number Answered

Percent of People with Each Score

Your Score History

You have not taken this quiz